Statistics for Business and Economics

-д хадгалсан:
Номзүйн дэлгэрэнгүй
Үндсэн зохиолч: Paul Newbold
Формат: Ном
Хэвлэсэн: pearson
Нөхцлүүд:
Шошгууд: Шошго нэмэх
Шошго байхгүй, Энэхүү баримтыг шошголох эхний хүн болох!

MARC

LEADER 00000nam a2200000Ia 4500
005 20260427112722.0
526 |b Data Science 
100 |a Paul Newbold 
020 |a 9788131719275 
650 |a Statistics 
526 |a Bachelors 
942 |c BK 
245 |a Statistics for Business and Economics 
260 |b pearson 
999 |c 108  |d 108 
952 |0 0  |1 0  |4 0  |7 0  |8 2  |a BRISTOL  |b BRISTOL  |d 2026-04-22  |l 0  |p 000043  |r 2026-04-27 11:27:22  |w 2026-04-27  |y BK